Banana? - Statistics

General Stats
  • This quiz has been taken 34 times
  • The average score is 3 of 15
Answers on the Grid
Answers color-coded by a green-red scale on the quiz's grid according to % correct below.
Albanian
Spanish
Arabic
Bosnian
Estonian
Italian
Korean
Icelandic
Japanese
Dutch
German
Greek
Hindi
Hungarian
Maltese
Norwegian
Portuguese
Romanian
Uzbek
Irish
Hebrew
French
Belarusian
Slovenian
Indonesian
Welsh
Kazakh
Macedonian
Azerbaijani
Basque
 
Answer Stats
Answer % Correct
Spanish
81%
Italian
38%
Japanese
29%
Greek
24%
Korean
24%
Bosnian
19%
Irish
19%
Portuguese
19%
Basque
14%
Romanian
14%
Welsh
14%
Maltese
10%
Hebrew
5%
Macedonian
5%
Slovenian
5%
No matching quizzes found
Score Distribution
Percent of People with Each Score
Percentile by Number Answered
Your Score History
You have not taken this quiz